| 000 | 00480nam a2200193Ia 4500 | ||
|---|---|---|---|
| 005 | 20250425162703.0 | ||
| 008 | 250425s9999 xx 000 0 und d | ||
| 041 | _aeng | ||
| 043 | _amx | ||
| 082 | _a639.543 | ||
| 245 | 0 | _aPROCEEDINGS OF THE WORLD SCIENTIFIC CONFERENCE ON THE BIOLOGY AND CULTURE OF SHRIMPS AND PRAWNS | |
| 250 | _aS.E | ||
| 260 | _aMEXICO | ||
| 260 |
_aMéxico _bFAO _c1967 |
||
| 300 | _a1164 | ||
| 650 | _aCAMARONES | ||
| 942 | _c01 | ||
| 010 | _a96784 | ||
| 999 |
_c234352 _d234352 |
||